Statistics for the first ten numbers that end with illion

Click here to take the quiz!

General Stats

  • This quiz has been taken 79 times
  • The average score is 9 of 10

Answer Stats

HintAnswer% Correct
2billion
100%
3trillion
100%
1million
98%
4quadrillion
89%
8octillion
83%
5quintillion
83%
7septillion
81%
6sextillion
81%
9nonillion
74%
10decillion
72%

Score Distribution

Percentile by Number Answered

Percent of People with Each Score

Your Score History

You have not taken this quiz